Controversy over the promised land (Record no. 79842)

MARC details
000 -LEADER
fixed length control field 01270cab a22002175a 4500
001 - CONTROL NUMBER
control field L142465
008 - FIXED-LENGTH DATA ELEMENTS--GENERAL INFORMATION
fixed length control field 080215e20080209xxk f 000 0 eng d
035 ## - SYSTEM CONTROL NUMBER
System control number (Sirsi) u142465
041 0# - LANGUAGE CODE
Language code of text/sound track or separate title eng
100 1# - MAIN ENTRY--PERSONAL NAME
Personal name Firth, Simon
245 00 - TITLE STATEMENT
Title Controversy over the promised land
260 ## - PUBLICATION, DISTRIBUTION, ETC.
Date of publication, distribution, etc. 2008
490 ## - SERIES STATEMENT
Series statement Estates Gazette
Volume/sequential designation (0805) 9 February 2008, 161(1)
520 ## - SUMMARY, ETC.
Summary, etc. Considers the legal problems associated with brownfield development. The government aims to build 60% of new housing on such sites. Developers are also considering the sites due to the lower prices and higher availability. However a lack of clarity in statutory guidance over land remediation methods has caused legal problems, rising costs and delays. DEFRA published further guidance in 2006 which is still awaiting implementation. Developers are forced to await this new guidance or work under the current unsatisfactory guidelines. Reports problems with soil guidance values, generic assessment criteria aimed at assessing risks from contamination.
590 ## - LOCAL NOTE (RLIN)
Local note KA
650 24 - SUBJECT ADDED ENTRY--TOPICAL TERM
Topical term or geographic name entry element ENVIRONMENTAL PROTECTION ACT 1990
651 #4 - SUBJECT ADDED ENTRY--GEOGRAPHIC NAME
Geographic name United Kingdom
Chronological subdivision
690 ## - LOCAL SUBJECT ADDED ENTRY--TOPICAL TERM (OCLC, RLIN)
Topical term or geographic name as entry element PROPERTY-PROPERTY DEVELOPMENT
690 ## - LOCAL SUBJECT ADDED ENTRY--TOPICAL TERM (OCLC, RLIN)
Topical term or geographic name as entry element ENVIRONMENTAL AND LAND CONSULTANCY-SUSTAINABILITY-SUSTAINABLE DEVELOPMENT
942 ## - ADDED ENTRY ELEMENTS (KOHA)
Suppress in OPAC 0
Holdings
Withdrawn status Lost status Source of classification or shelving scheme Damaged status Not for loan Home library Current library Shelving location Date acquired Total Checkouts Full call number Barcode Date last seen Copy number Price effective from Koha item type
    Dewey Decimal Classification     London London Journal article 15/02/2008   L142465 142465-1001 06/08/2019 1 06/08/2019 Journal article